000 01235nam a22003617a 4500
003 CHAP
005 20220329141011.0
008 971013s1996 r 00010 d
010 _a61098
011 _a62070
035 _a66244
040 _cCHAP
090 _aTesis
100 0 0 _aMoreno Velázquez, Magnolia.
_978723
245 _aInfluencia de dos sistemas de labranza y dos coberturas en el desarroolo fenológico del cultivo del maíz
260 _aChapingo, Méx. :
_bEl autor,
_c1996
300 _a60 h.
502 _aTesis (Ing. Agr. Esp. en Agroecología) -- UACH. Departamento de Agroecología
590 _aALEPH
_b10
_c20130110
_lUCH01
_h1340
590 _aBATCH-UPD
_b10
_c20130110
_lUCH01
_h1824
590 _aBATCH-UPD
_b10
_c20130410
_lUCH01
_h1157
590 _aBATCH-UPD
_b10
_c20130914
_lUCH01
_h1133
590 _aCONVERSION
_b10
_c20130109
_lUCH01
_h1333
650 1 4 _aCultivos de cobertura.
_930371
650 1 4 _aFenología.
_940043
650 1 4 _aLabranza.
_964303
650 1 4 _aMaíz
_xEfecto del clima.
_970934
650 1 4 _aMaíz
_xRendimiento.
_971051
901 _aBK
942 _cFOLL
949 _bBC
_cTES
_d-151416
_eTS1
_h29276
_i66244
_si
949 _bBC
_cTES
_d33724000620423
_eTS2
_fc.2
_h29257
_i66244
_si
999 _c61098
_d61098